Understanding support for municipal political parties: Evidence from Canada (Record no. 528534)

000 -LEADER
fixed length control field 01712nam a22001577a 4500
008 - FIXED-LENGTH DATA ELEMENTS--GENERAL INFORMATION
fixed length control field 241211b ||||| |||| 00| 0 eng d
100 ## - MAIN ENTRY--PERSONAL NAME
Personal name McGregor, M. Lucas, J. Erl, C. and Anderson, C.D.
245 ## - TITLE STATEMENT
Title Understanding support for municipal political parties: Evidence from Canada
260 ## - PUBLICATION, DISTRIBUTION, ETC. (IMPRINT)
Place of publication, distribution, etc Urban Affairs Review
300 ## - PHYSICAL DESCRIPTION
Extent 60(5), Sep, 2024: p.1382-1410
520 ## - SUMMARY, ETC.
Summary, etc The province of Ontario, Canada, has a longstanding history of non-partisanship in municipal elections. In this distinctive context, we report results on citizen attitudes toward municipal partisanship using a survey of eligible voters in Canada's most populous province. Using a mixed-methods approach, we focus on three interrelated research questions. First, how much does citizen support for municipal parties depend on the type of party under consideration? Second, what reasons do citizens provide for their preference for either municipal political parties or independents? Finally, what are the correlates of support for municipal parties? We find little support for municipal political parties, and that many voters have sophisticated reasons for preferring either independents or parties. We also identify several factors associated with support for parties. These results provide an in-depth picture of attitudes on municipal partisanship in Ontario, and suggest that public opinion may provide an overlooked mechanism that maintains Ontario's non-partisanship.- Reproduced

https://journals.sagepub.com/doi/full/10.1177/10780874231224707
650 ## - SUBJECT ADDED ENTRY--TOPICAL TERM
Topical term or geographic name as entry element Municipal election, Political parties, Public opinion, Canada.
9 (RLIN) 49448
773 ## - HOST ITEM ENTRY
Main entry heading Urban Affairs Review
906 ## - LOCAL DATA ELEMENT F, LDF (RLIN)
Subject DIP URBAN DEVELOPMENT
942 ## - ADDED ENTRY ELEMENTS (KOHA)
Item type Articles
Holdings
Withdrawn status Lost status Source of classification or shelving scheme Damaged status Not for loan Permanent location Current location Date acquired Serial Enumeration / chronology Barcode Date last seen Koha item type
          Indian Institute of Public Administration Indian Institute of Public Administration 2024-12-11 60(5), Sep, 2024: p.1382-1410 AR133927 2024-12-11 Articles

Powered by Koha